000 00870nam a2200277Ia 4500
003 OSt
005 20221005084314.0
006 a|||||r|||| 00| 0
007 ta
008 221004b |||||||| |||| 00| 0 eng d
020 _a9781118964804 (hbk)
_cUSD 199.95
024 _a34511
037 _b8147, 31/08/2017, Efficient Book Distributors
_cTextual
040 _aCRL
_cCRL
_beng
041 _2eng
_aeng
082 _aQ7:21:g, Q7
100 _aRippin Andrew Ed.
245 0 _aWiley blackwell companion to the Qur'an
250 _a2nd
260 _aNew Jersey
_bWiley Blackwell USA
_c2017
300 _axiv,673p.
_ccm.
650 _aQURAN
_933479
700 _a Mojaddedi Jawid Ed.
_9144086
942 _hQ7:21:g, Q7
_cTEXL
_2cc
999 _c992416
_d992416